| 000 | 00479nam a2200181 a 4500 | ||
|---|---|---|---|
| 005 | 20140412111418.0 | ||
| 008 | 070905s19uu xx 00 eng d | ||
| 020 | _a1-74157-007-7 | ||
| 050 |
_aTR(GS 428.4 _bG78 2004 |
||
| 100 | _aGraves, Sue | ||
| 245 |
_aLets read with Jen and Ben / _cSue Graves. |
||
| 260 |
_aAustralia : _bHinkler books, _c2004. |
||
| 300 | _a1 v. unp. | ||
| 440 | _aPull and Learn Phonics | ||
| 650 | _aPhonics | ||
| 999 |
_c105937 _d105937 |
||